| Tag |
First Indicator |
Second Indicator |
Subfields |
| LEADER |
00000cam a2200000 4500 |
| 001 |
in00000456331 |
| 005 |
20151012090243.0 |
| 008 |
730709s1928 iluak b 00010 eng |
| 010 |
|
|
|a 28030868
|
| 035 |
|
|
|a (OCoLC)00652928
|
| 035 |
|
|
|9 ABY4174AM
|
| 040 |
|
|
|c CSU
|d TXA
|d UtOrBLW
|
| 049 |
|
|
|a TXAM
|c [39385]
|
| 050 |
|
0 |
|a HF5635
|b .R75
|
| 100 |
1 |
|
|a Rorem, C. Rufus
|q (Clarence Rufus),
|d 1894-1988.
|
| 245 |
1 |
0 |
|a Accounting methods /
|c by C. Rufus Rorem.
|
| 264 |
|
1 |
|a Chicago :
|b The University of Chicago Press,
|c [1928]
|
| 300 |
|
|
|a xvii, 596 pages including tables, diagrams, forms. ;
|c 24 cm.
|
| 336 |
|
|
|a text
|b txt
|2 rdacontent
|
| 337 |
|
|
|a unmediated
|b n
|2 rdamedia
|
| 338 |
|
|
|a volume
|b nc
|2 rdacarrier
|
| 500 |
|
|
|a "Laboratory exercises": pages [537]-587.
|
| 504 |
|
|
|a Bibliography: pages [533]-536.
|
| 650 |
|
0 |
|a Accounting.
|
| 650 |
|
0 |
|a Accounting
|v Problems, exercises, etc.
|
| 999 |
|
|
|a MARS
|
| 999 |
f |
f |
|s b931019a-6fea-3e2c-a700-f1d8bc30a0fa
|i c98221c4-524a-305d-9142-22e7bfb872d9
|t 0
|
| 952 |
f |
f |
|p ric
|a Texas A&M University
|b Rellis Campus
|c Joint Library Facility
|d Remote Storage
|t 0
|e HF5635 .R75
|h Library of Congress classification
|i unmediated -- volume
|m A14802835929
|
| 998 |
f |
f |
|a HF5635 .R75
|t 0
|l Remote Storage
|